000 01638nam a2200277Ia 4500
999 _c36776
_d36776
001 2715
003 GE_BSU
005 20190605195219.0
008 181216s2009||||ge |||||||||||||| ||geo||
040 _cGE_BSU
041 _ageo
080 _a271.222(479.22) ჯ–26
100 _aჯაფარიძე, ანანია მიტროპოლიტი
_92177
245 _aსაქართველოს სამოციქულო ეკლესიის ისტორია :
_bმონოგრაფია /
_cმიტროპოლიტი ანანია ჯაფარიძე ; რედ.: კახაბერ ჭაბაშვილი, თამარ რევაზიშვილი ; საძიებლები შეადგინა თამარ რევაზიშვილმა ; წინასიტყვ. ვახტანგ გოილაძე.
250 _aმე-2 გამოც.
264 _aთბილისი :
_bალილო,
_c2009.
300 _a1266 გვ. ;
_b29 სმ.
653 _aრელიგია
653 _aეკლესია
653 _aეკლესიის ისტორია
700 _aჭაბაშვილი, კახაბერ
_eრედაქტორი
_92185
700 _aრევაზიშვილი, თამარ
_eრედაქტორი
_92186
700 _aრევაზიშვილი, თამარ
_eშემდგენელი
_92187
700 _aგოილაძე, ვახტანგ
_eწინასიტყვაობა
_92188
942 _cBK
_2udc